[Event "4NCL/Div1b/PANDG vs. BAR1"]
[Site "Hinckley Island ENG"]
[Date "2010.01.16"]
[Round "3.4"]
[White "Collins, Sam E"]
[Black "McCarthy, Kevin C"]
[Result "1-0"]
[WhiteElo "2431"]
[BlackElo "2106"]
[PlyCount "53"]
[EventDate "2010.01.16"]
[SourceDate "2009.10.24"]

1. d4 e6 2. e4 d5 3. Nd2 Nf6 4. e5 Nfd7 5. Bd3 c5 6. c3 Nc6 7. Ngf3 h6 8. O-O
Be7 9. Re1 Qb6 10. dxc5 Bxc5 11. Qe2 O-O 12. b4 Be7 13. b5 Na5 14. Nd4 Qc7 15.
Qe3 Nc5 16. Bc2 Bd7 17. Qg3 f5 18. N2f3 Kh8 19. Qg6 Qc8 20. Bxh6 Rg8 21. Qh5 g6
22. Qh3 Rg7 23. Nh4 Bxh4 24. Qxh4 Qf8 25. Re3 Qf7 26. Bxg7+ Kxg7 27. Rh3 1-0

[Event "4NCL/Div1b/PANDG vs. BAR1"]
[Site "Hinckley Island ENG"]
[Date "2010.01.16"]
[Round "3.8"]
[White "Lauterbach, Ingrid"]
[Black "Milson, Amy F"]
[Result "1-0"]
[WhiteElo "2163"]
[BlackElo "1602"]
[PlyCount "63"]
[EventDate "2010.01.16"]
[SourceDate "2009.10.24"]

1. Nf3 Nf6 2. d3 d5 3. Nbd2 Nc6 4. e4 dxe4 5. dxe4 e5 6. Bb5 Bd6 7. O-O Bd7 8.
Re1 Qe7 9. Nc4 a6 10. Nxd6+ Qxd6 11. Bc4 Qxd1 12. Rxd1 O-O 13. Bg5 Bg4 14. Re1
Bxf3 15. gxf3 Nd4 16. Bxf6 Nxc2 17. Bxe5 Nxa1 18. Rxa1 h6 19. Kf1 Kh7 20. Rd1
c6 21. Rd7 f6 22. Bf4 b5 23. Bd3 Rfd8 24. e5+ Kg8 25. e6 Re8 26. Bg6 Kf8 27.
Bd6+ Kg8 28. Bf7+ Kh8 29. e7 Rec8 30. Bc7 Kh7 31. Bd8 h5 32. e8=Q 1-0

[Event "4NCL/Div1b/WGHK2 vs. PPA1"]
[Site "Hinckley Island ENG"]
[Date "2010.01.16"]
[Round "3.5"]
[White "Hanley, Craig A"]
[Black "Richter, Hans S"]
[Result "1-0"]
[WhiteElo "2429"]
[BlackElo "2180"]
[PlyCount "112"]
[EventDate "2010.01.16"]
[SourceDate "2009.10.24"]

1. e4 e6 2. d4 d5 3. Nd2 Nf6 4. e5 Nfd7 5. Bd3 c5 6. c3 Nc6 7. Ngf3 Qb6 8. O-O
g6 9. Re1 Bg7 10. dxc5 Qc7 11. Nb3 Ndxe5 12. Bf4 O-O 13. Nfd4 Qd8 14. Nxc6 Nxc6
15. Bd6 Re8 16. Qf3 a5 17. a4 Bd7 18. Bb5 Ne7 19. Qf4 Bxb5 20. axb5 Nf5 21. Bc7
Qd7 22. c6 bxc6 23. b6 e5 24. Qa4 Bf8 25. Nxa5 Bd6 26. Bxd6 Qxd6 27. Qxc6 Rab8
28. Qxd6 Nxd6 29. Rad1 d4 30. c4 Rxb6 31. c5 Rb5 32. cxd6 Rxa5 33. Rxd4 exd4
34. Rxe8+ Kg7 35. Kf1 Rd5 36. Ke2 d3+ 37. Kd2 Rxd6 38. Rb8 Rd5 39. Rb3 Rh5 40.
h3 Rg5 41. g3 Rf5 42. f4 h6 43. Rxd3 g5 44. fxg5 hxg5 45. g4 Rf2+ 46. Kc3 f5
47. gxf5 Rxf5 48. b4 Kg6 49. Kc4 Rf8 50. b5 Kh5 51. b6 Kh4 52. b7 Rb8 53. Rb3
Kh5 54. Kd5 Rd8+ 55. Kc6 Kh4 56. Kc7 Rh8 1-0

[Event "4NCL/Div1b/WGHK2 vs. PPA1"]
[Site "Hinckley Island ENG"]
[Date "2010.01.16"]
[Round "3.8"]
[White "Mountford, Corinne"]
[Black "Hegarty, Sarah N"]
[Result "0-1"]
[WhiteElo "1602"]
[BlackElo "2096"]
[PlyCount "62"]
[EventDate "2010.01.16"]
[SourceDate "2009.10.24"]

1. d4 Nf6 2. Bf4 g6 3. e3 Bg7 4. Nf3 c5 5. Nbd2 Nc6 6. c3 cxd4 7. exd4 d5 8.
Ne5 Nh5 9. Nxc6 bxc6 10. Be3 e5 11. Nb3 e4 12. Be2 Nf6 13. O-O O-O 14. Nd2 Nd7
15. f3 f5 16. fxe4 dxe4 17. Rf2 Nf6 18. Bc4+ Kh8 19. h3 Nh5 20. Nf1 f4 21. Be2
fxe3 22. Rxf8+ Qxf8 23. Bxh5 Qf2+ 24. Kh2 gxh5 25. Ng3 h4 26. Ne2 Ba6 27. Qc2
Bd3 28. Qa4 Qxe2 29. Qxc6 Rg8 30. d5 Be5+ 31. Kh1 Qxg2# 0-1

[Event "4NCL/Div1b/BET vs. PANDG"]
[Site "Hinckley Island ENG"]
[Date "2010.01.17"]
[Round "4.6"]
[White "McCarthy, Kevin C"]
[Black "Nelson, Jonathan P"]
[Result "0-1"]
[WhiteElo "2106"]
[BlackElo "2245"]
[PlyCount "62"]
[EventDate "2010.01.17"]
[SourceDate "2009.10.24"]

1. d4 Nf6 2. Nf3 d6 3. Bf4 g6 4. Nc3 Bg7 5. e3 O-O 6. h4 Bg4 7. Be2 Nbd7 8. Ng5
Bxe2 9. Qxe2 e5 10. dxe5 dxe5 11. Bg3 h6 12. Nf3 Qe7 13. O-O-O c6 14. Nd2 b5
15. f3 a5 16. Nde4 a4 17. Nxf6+ Nxf6 18. e4 Nh5 19. Bh2 Qxh4 20. g4 Qg5+ 21.
Qd2 Nf4 22. Kb1 Rfd8 23. Qf2 Ne6 24. Bg3 Qe7 25. Qe3 Nd4 26. Rxh6 b4 27. Rdh1
bxc3 28. Rh7 g5 29. Qxc3 Qf6 30. Qc5 Nxf3 31. a3 Nd2+ 0-1

[Event "4NCL/Div1b/BET vs. PANDG"]
[Site "Hinckley Island ENG"]
[Date "2010.01.17"]
[Round "4.8"]
[White "Milson, Amy F"]
[Black "Yurenok, Maria S"]
[Result "0-1"]
[WhiteElo "1602"]
[BlackElo "1981"]
[PlyCount "82"]
[EventDate "2010.01.17"]
[SourceDate "2009.10.24"]

1. e4 c5 2. Nf3 e6 3. d4 cxd4 4. Nxd4 Nc6 5. Nc3 Qc7 6. Be3 a6 7. Qd2 Nf6 8.
O-O-O b5 9. f3 Bb7 10. Nb3 d6 11. Qf2 Rc8 12. Bb6 Qb8 13. Bd3 Be7 14. g3 Nd7
15. Be3 Nce5 16. h3 Nxd3+ 17. Rxd3 Ne5 18. Rdd1 Nc4 19. Ba7 Qc7 20. Rd3 O-O 21.
h4 Bf6 22. Nd4 Ba8 23. Nb3 Nxb2 24. Kxb2 Bxc3+ 25. Kb1 b4 26. Bd4 d5 27. exd5
Bxd5 28. Bxc3 bxc3 29. Qd4 Rfd8 30. Qa4 Rd6 31. Rg1 Bxb3 32. axb3 Rxd3 33. cxd3
c2+ 34. Kc1 Qe5 35. Kd2 Qc3+ 36. Kc1 Qxd3 37. Re1 h6 38. Qe4 Qxb3 39. Kd2 Qc3+
40. Kc1 Qa1+ 41. Kd2 c1=Q+ 0-1

[Event "4NCL/Div1b/PPA1 vs. SWD"]
[Site "Hinckley Island ENG"]
[Date "2010.01.17"]
[Round "4.5"]
[White "Richter, Hans S"]
[Black "Redmond, John P"]
[Result "0-1"]
[WhiteElo "2180"]
[BlackElo "2196"]
[PlyCount "58"]
[EventDate "2010.01.17"]
[SourceDate "2009.10.24"]

1. d4 e6 2. c4 f5 3. g3 Nf6 4. Bg2 d5 5. Nf3 c6 6. b3 Bd6 7. O-O Qe7 8. a4 a5
9. Ba3 Bxa3 10. Nxa3 O-O 11. Ne5 Nbd7 12. Nd3 b6 13. Qc2 Bb7 14. Qb2 Rac8 15.
Rac1 Ne4 16. f3 Nd6 17. c5 bxc5 18. Nxc5 Nxc5 19. Rxc5 f4 20. Bh3 Rf6 21. Qd2
Rcf8 22. Nc2 Rg6 23. g4 h5 24. Qe1 e5 25. dxe5 Nc4 26. b4 Nxe5 27. g5 axb4 28.
Qxb4 Qxg5+ 29. Kh1 Bc8 0-1

[Event "4NCL/Div1b/PPA1 vs. SWD"]
[Site "Hinckley Island ENG"]
[Date "2010.01.17"]
[Round "4.8"]
[White "Wilson, Julie C"]
[Black "Mountford, Corinne"]
[Result "1-0"]
[WhiteElo "1890"]
[BlackElo "1602"]
[PlyCount "78"]
[EventDate "2010.01.17"]
[SourceDate "2009.10.24"]

1. d4 d5 2. c4 e6 3. Nf3 c5 4. cxd5 exd5 5. Nc3 Nc6 6. dxc5 d4 7. Ne4 Bxc5 8.
Nxc5 Qa5+ 9. Bd2 Qxc5 10. Rc1 Qd5 11. b3 Nge7 12. g3 Be6 13. Bg2 Qd7 14. O-O
O-O 15. Qc2 h6 16. Rfd1 Rad8 17. Be1 Bf5 18. Qb2 Bh7 19. a4 d3 20. exd3 Bxd3
21. Rc3 Qf5 22. Nh4 Qh7 23. Rcc1 Rfe8 24. Bc3 f6 25. Bd2 Kh8 26. b4 Be4 27. Nf3
Ng8 28. Re1 Bxf3 29. Bxf3 Rxe1+ 30. Rxe1 Qd3 31. Be3 Rc8 32. Rd1 Qc4 33. b5 Na5
34. Rc1 Qb3 35. Qa1 Rxc1+ 36. Qxc1 b6 37. Bd1 Qf7 38. Qc3 Nb7 39. Bc2 Qe7 1-0

[Event "4NCL/Div1b/SWD vs. GUI1"]
[Site "Hinckley Island ENG"]
[Date "2010.02.20"]
[Round "5.6"]
[White "Thompson, Ian D"]
[Black "Smith, Jeff R"]
[Result "1-0"]
[WhiteElo "2266"]
[BlackElo "2185"]
[PlyCount "101"]
[EventDate "2010.02.20"]
[SourceDate "2009.10.24"]

1. c4 Nf6 2. Nc3 e6 3. e4 c5 4. e5 Ng8 5. Nf3 Nc6 6. d4 cxd4 7. Nxd4 Nxe5 8.
Ndb5 a6 9. Nd6+ Bxd6 10. Qxd6 f6 11. Be3 Ne7 12. Bb6 Nf5 13. Qc5 Qe7 14. Qxe7+
Kxe7 15. f4 Ng4 16. Bd3 g6 17. O-O-O d6 18. h3 Ngh6 19. g4 Ng7 20. Rhe1 Bd7 21.
c5 dxc5 22. Bxc5+ Kd8 23. Be4 Rc8 24. Bd4 Ke7 25. Bxb7 Rc7 26. Bxa6 Ra8 27. Bf1
Kf7 28. Kb1 Bc6 29. Nb5 Rd7 30. Bc3 Bd5 31. a3 Ng8 32. Bb4 Rad8 33. Nc3 Bb3 34.
Rxd7+ Rxd7 35. Ne4 Bd5 36. Nd6+ Ke7 37. Nc8+ Kf7 38. Nb6 Rd8 39. Nxd5 Rxd5 40.
Rc1 Ne8 41. Bc4 Rd4 42. f5 gxf5 43. gxf5 Ng7 44. fxe6+ Nxe6 45. Bb3 Re4 46.
Rc7+ Kg6 47. Rd7 f5 48. Bc3 Nf6 49. Rd6 Kf7 50. Bxf6 Kxf6 51. Kc1 1-0

[Event "4NCL/Div1b/PPA1 vs. BAR1"]
[Site "Hinckley Island ENG"]
[Date "2010.02.20"]
[Round "5.4"]
[White "Collinson, Adam R"]
[Black "Richter, Hans S"]
[Result "1-0"]
[WhiteElo "2393"]
[BlackElo "2165"]
[PlyCount "101"]
[EventDate "2010.02.20"]
[SourceDate "2009.10.24"]

1. e4 e6 2. d4 d5 3. Bd3 dxe4 4. Bxe4 Be7 5. Ne2 Nf6 6. Bf3 c5 7. Be3 Nbd7 8.
Nbc3 cxd4 9. Nxd4 a6 10. O-O Ne5 11. Be2 Nd5 12. Nxd5 Qxd5 13. Nf3 Qxd1 14.
Rfxd1 Nc6 15. c3 e5 16. Nd2 Bf5 17. Nc4 O-O 18. Nd6 Bxd6 19. Rxd6 Rfd8 20. Rad1
Rxd6 21. Rxd6 Rd8 22. Rxd8+ Nxd8 23. a4 Bc2 24. a5 Bb3 25. f3 Nc6 26. Bb6 f5
27. Kf2 Kf7 28. Ke3 Ke6 29. c4 g5 30. Kd3 Ne7 31. Kc3 Ba4 32. b4 Bd7 33. Bf2 h5
34. h4 gxh4 35. Bxh4 Ng6 36. Bg5 h4 37. b5 Kd6 38. Kb4 axb5 39. cxb5 Kd5 40.
Be3 Nf4 41. Bc4+ Kd6 42. Bxf4 exf4 43. Bf7 Bc8 44. Kc4 Bd7 45. Bg6 Be6+ 46. Kd4
Bd7 47. a6 bxa6 48. bxa6 Ke6 49. Kc5 Bc8 50. Kc6 h3 51. gxh3 1-0

[Event "4NCL/Div1b/PPA1 vs. BAR1"]
[Site "Hinckley Island ENG"]
[Date "2010.02.20"]
[Round "5.8"]
[White "Lauterbach, Ingrid"]
[Black "Mountford, Corinne"]
[Result "1-0"]
[WhiteElo "2158"]
[BlackElo "1602"]
[PlyCount "60"]
[EventDate "2010.02.20"]
[SourceDate "2009.10.24"]

1. e4 g6 2. d4 Bg7 3. c3 d6 4. g3 e6 5. Bg2 Ne7 6. f4 f5 7. Nd2 Nd7 8. Ngf3 Nf6
9. e5 dxe5 10. Nxe5 Nfd5 11. Ndf3 c6 12. Qe2 Qd6 13. O-O O-O 14. c4 Nc7 15. Be3
Qd8 16. Rad1 b5 17. b3 a5 18. Nd2 Bxe5 19. dxe5 Qe8 20. Bb6 Na6 21. Bxa5 b4 22.
Bb6 Bb7 23. Qf2 Nc8 24. Be3 Qe7 25. c5 Nc7 26. Nc4 Ba6 27. Bxc6 Rd8 28. Rxd8+
Qxd8 29. Bxa8 Bxc4 30. bxc4 Nxa8 1-0

[Event "4NCL/Div1b/WGHK2 vs. PANDG"]
[Site "Hinckley Island ENG"]
[Date "2010.02.20"]
[Round "5.5"]
[White "Moen, Andreas"]
[Black "Stockwell, Mark B"]
[Result "0-1"]
[WhiteElo "2309"]
[BlackElo "2242"]
[PlyCount "72"]
[EventDate "2010.02.20"]
[SourceDate "2009.10.24"]

1. e4 c5 2. Nf3 e6 3. d4 cxd4 4. Nxd4 a6 5. Bd3 Bc5 6. Nb3 Be7 7. O-O d6 8. c4
Nf6 9. Qe2 Nbd7 10. f4 Qc7 11. Nc3 O-O 12. Bd2 b6 13. Rae1 g6 14. Rf3 Bb7 15.
Rh3 h5 16. Rg3 Rfe8 17. Kh1 Rad8 18. Nd4 Bf8 19. Nf3 Bg7 20. h3 Nc5 21. Bb1 d5
22. e5 Nfe4 23. Nxe4 Nxe4 24. Bxe4 dxe4 25. Ng5 Rd4 26. b3 Red8 27. Bb4 a5 28.
Bc3 Rd3 29. Re3 Bf8 30. Qc2 Bc5 31. Rxe4 Bxe4 32. Nxe4 Qc6 33. Kh2 Be3 34. Nf6+
Kg7 35. Rf1 Bd2 36. Rd1 Bxf4+ 0-1

[Event "4NCL/Div1b/WGHK2 vs. PANDG"]
[Site "Hinckley Island ENG"]
[Date "2010.02.20"]
[Round "5.6"]
[White "Milson, Samuel A"]
[Black "Briscoe, Chris"]
[Result "0-1"]
[WhiteElo "1994"]
[BlackElo "2232"]
[PlyCount "84"]
[EventDate "2010.02.20"]
[SourceDate "2009.10.24"]

1. e4 c5 2. Nc3 Nc6 3. f4 g6 4. Nf3 Bg7 5. Bc4 e6 6. d3 Nge7 7. O-O d5 8. Bb5
O-O 9. Bxc6 Nxc6 10. Qe1 Rb8 11. Nd1 dxe4 12. dxe4 e5 13. c3 Re8 14. fxe5 Nxe5
15. Nxe5 Bxe5 16. Bf4 Bxf4 17. Rxf4 Bf5 18. Qf2 Rxe4 19. Rxe4 Bxe4 20. Qxc5 Qd2
21. Ne3 Re8 22. c4 Bc6 23. Rd1 Qxe3+ 24. Qxe3 Rxe3 25. Kf2 Re4 26. b3 f5 27. g3
Kf7 28. Rd8 Re8 29. Rd2 Re7 30. b4 Rd7 31. Rb2 Be4 32. a4 Rd1 33. a5 Rb1 34.
Rxb1 Bxb1 35. Ke3 Ke6 36. b5 Ke5 37. c5 Be4 38. h4 h6 39. Kf2 Kd4 40. c6 bxc6
41. b6 axb6 42. axb6 c5 0-1

[Event "4NCL/Div1b/WGHK2 vs. PANDG"]
[Site "Hinckley Island ENG"]
[Date "2010.02.20"]
[Round "5.8"]
[White "Milson, Amy F"]
[Black "Hegarty, Sarah N"]
[Result "0-1"]
[WhiteElo "1602"]
[BlackElo "2067"]
[PlyCount "64"]
[EventDate "2010.02.20"]
[SourceDate "2009.10.24"]

1. e4 c5 2. Nf3 Nc6 3. Nc3 g6 4. Bc4 Bg7 5. Rb1 d6 6. b3 Nf6 7. Bd3 O-O 8. Bb2
a6 9. a3 b5 10. Nd5 Nxd5 11. Bxg7 Kxg7 12. exd5 Ne5 13. Nxe5 dxe5 14. c4 e6 15.
Qe2 Qd6 16. dxe6 Bxe6 17. Rc1 Rfd8 18. Be4 Rab8 19. Rc3 bxc4 20. bxc4 f5 21.
Bc2 e4 22. d3 Qe5 23. Kd2 Qf6 24. Qe3 Rd4 25. Rd1 f4 26. Qe2 Bf5 27. Kc1 Rd7
28. Rb3 Rxb3 29. Bxb3 Qa1+ 30. Kd2 Qb2+ 31. Bc2 exd3 32. Qe8 dxc2+ 0-1

[Event "4NCL/Div1b/BET vs. SWD"]
[Site "Hinckley Island ENG"]
[Date "2010.02.21"]
[Round "6.6"]
[White "Smith, Jeff R"]
[Black "Ledger, Dave J"]
[Result "0-1"]
[WhiteElo "2185"]
[BlackElo "2227"]
[PlyCount "64"]
[EventDate "2010.02.21"]
[SourceDate "2009.10.24"]

1. e4 e5 2. Nc3 Nf6 3. f4 d5 4. fxe5 Nxe4 5. Nf3 Be7 6. d4 c5 7. Be2 Nc6 8. Be3
cxd4 9. Bxd4 O-O 10. O-O Bg4 11. Kh1 Rc8 12. Na4 Bxf3 13. gxf3 Nxd4 14. Qxd4
Ng5 15. Nc3 Rc5 16. f4 Ne6 17. Qd2 Qa5 18. Bd3 Rd8 19. Qg2 Qb4 20. f5 Nf4 21.
Rxf4 Qxf4 22. f6 Bf8 23. Re1 g6 24. Qe2 Rc6 25. Rf1 Qd4 26. Nb5 Qxb2 27. Bf5
Re8 28. e6 Rcxe6 29. Bxe6 Rxe6 30. Qd3 Rxf6 31. Rxf6 Qxf6 32. Qxd5 Qf1# 0-1

[Event "4NCL/Div1b/PANDG vs. PPA1"]
[Site "Hinckley Island ENG"]
[Date "2010.02.21"]
[Round "6.3"]
[White "Stockwell, Mark B"]
[Black "Dunn, Andrew"]
[Result "0-1"]
[WhiteElo "2242"]
[BlackElo "2220"]
[PlyCount "100"]
[EventDate "2010.02.21"]
[SourceDate "2009.10.24"]

1. Nf3 d5 2. c4 c6 3. e3 Nf6 4. Nc3 e6 5. Qc2 Nbd7 6. b3 Bd6 7. g4 Nxg4 8. Rg1
Nge5 9. Nxe5 Nxe5 10. Be2 Ng6 11. Bb2 Bxh2 12. Rg2 Be5 13. O-O-O Bf6 14. d4 Bd7
15. e4 Nf4 16. Rg3 g6 17. Bf3 dxc4 18. bxc4 Qa5 19. e5 Be7 20. Kb1 Qa6 21. d5
cxd5 22. cxd5 Rc8 23. d6 Bd8 24. Qd2 g5 25. Ne4 h6 26. Bh1 Qe2 27. Qxe2 Nxe2
28. Re3 Nf4 29. Bd4 Nd5 30. Ra3 Bb6 31. Bxb6 axb6 32. Rc1 O-O 33. Rg1 f6 34.
exf6 Nxf6 35. Nxf6+ Rxf6 36. Bxb7 Rd8 37. Rc1 e5 38. Rc7 Bf5+ 39. Kb2 Rfxd6 40.
Ra7 R6d7 41. Ba6 Rxc7 42. Rxc7 Rd2+ 43. Kb3 Be6+ 44. Bc4 Bxc4+ 45. Rxc4 Rxf2
46. Rc6 Kg7 47. Rxb6 g4 48. a4 g3 49. Rb7+ Rf7 50. Rb4 h5 0-1

[Event "4NCL/Div1b/PANDG vs. PPA1"]
[Site "Hinckley Island ENG"]
[Date "2010.02.21"]
[Round "6.8"]
[White "Mountford, Corinne"]
[Black "Milson, Amy F"]
[Result "1/2-1/2"]
[WhiteElo "1602"]
[BlackElo "1602"]
[PlyCount "103"]
[EventDate "2010.02.21"]
[SourceDate "2009.10.24"]

1. d4 d5 2. Bf4 Nf6 3. e3 Bf5 4. Nf3 e6 5. Nbd2 Bd6 6. Ne5 Nbd7 7. Ndf3 Ng4 8.
h3 Ngxe5 9. dxe5 Be7 10. Nd4 Nb6 11. Bb5+ Nd7 12. O-O c6 13. Be2 Bg6 14. Bh2
Nb6 15. b3 a6 16. Nf3 O-O 17. Nd2 Bb4 18. a3 Bc3 19. Ra2 d4 20. Nb1 c5 21. Bf3
Rb8 22. e4 c4 23. Nxc3 dxc3 24. Qa1 cxb3 25. cxb3 Rc8 26. Rc2 Qc7 27. Rfc1 Qd7
28. Rd1 Qb5 29. Rxc3 Nd7 30. Rdc1 Nb6 31. Bf4 Rxc3 32. Rxc3 h6 33. Qc1 Qd7 34.
Rc7 Rc8 35. Rxd7 Rxc1+ 36. Bxc1 Nxd7 37. Bf4 Nc5 38. b4 Nxe4 39. Bxe4 Bxe4 40.
Be3 Kf8 41. f4 h5 42. h4 g6 43. Kf2 Ke7 44. g3 Kd7 45. Bd2 Kc6 46. Ke3 Kd5 47.
Bc1 Bf5 48. Kd2 Kc4 49. Kd1 Kd3 50. Bd2 Bg4+ 51. Ke1 Kc2 52. a4 1/2-1/2

[Event "4NCL/Div1b/GUI1 vs. PPA1"]
[Site "Staverton Park ENG"]
[Date "2010.03.27"]
[Round "7.6"]
[White "Kueh Ju Lui, Andre"]
[Black "Granat, Russell G"]
[Result "0-1"]
[WhiteElo "2146"]
[BlackElo "2250"]
[PlyCount "92"]
[EventDate "2010.03.27"]
[SourceDate "2009.10.24"]

1. e4 e5 2. Nf3 Nc6 3. Bb5 a6 4. Ba4 Nf6 5. O-O Be7 6. Bxc6 dxc6 7. Qe1 Be6 8.
b3 Nd7 9. Bb2 f6 10. d4 Bd6 11. Nbd2 O-O 12. Rd1 Qe7 13. Qe2 c5 14. dxe5 fxe5
15. h3 b5 16. a4 c6 17. c4 bxa4 18. bxa4 Rf4 19. a5 Raf8 20. Ra1 h6 21. Ra3 Bc7
22. Qd1 Rb8 23. Qa1 Bf7 24. Ne1 Rf6 25. Nd3 Rd6 26. Rc1 Bg6 27. Re1 Bxa5 28.
Rxa5 Rxd3 29. Nf3 Re8 30. Rxa6 Bh5 31. Ra3 Rd6 32. Rd1 Bf7 33. Ra7 Qe6 34. Rc7
Bh5 35. g4 Bg6 36. Re1 Rd3 37. Qa7 Rxf3 38. Rxd7 Bf7 39. Kg2 Rb3 40. Bxe5 Qxc4
41. Bd6 h5 42. Bxc5 hxg4 43. hxg4 Rxe4 44. Qa8+ Kh7 45. Rh1+ Kg6 46. Qxc6+ Re6
0-1

[Event "4NCL/Div1b/WRO1 vs. PANDG"]
[Site "Staverton Park ENG"]
[Date "2010.03.27"]
[Round "7.3"]
[White "Palliser, Richard JD"]
[Black "McCarthy, Kevin C"]
[Result "1-0"]
[WhiteElo "2435"]
[BlackElo "2106"]
[PlyCount "43"]
[EventDate "2010.03.27"]
[SourceDate "2009.10.24"]

1. d4 Nf6 2. c4 e6 3. Nf3 d5 4. Nc3 c6 5. Bg5 Nbd7 6. e3 Qa5 7. cxd5 exd5 8.
Nd2 Bd6 9. Bd3 O-O 10. O-O Qc7 11. f4 Re8 12. Qf3 Qb6 13. Rab1 h6 14. Bh4 Be7
15. Bf2 Nf8 16. h3 Bd7 17. g4 N8h7 18. Qg2 Kh8 19. g5 Rg8 20. Nf3 Nh5 21. Ne5
Nxg5 22. Qxg5 1-0

[Event "4NCL/Div1b/WRO1 vs. PANDG"]
[Site "Staverton Park ENG"]
[Date "2010.03.27"]
[Round "7.7"]
[White "Barrett, Stephen J"]
[Black "Milson, Samuel A"]
[Result "1-0"]
[WhiteElo "2181"]
[BlackElo "1994"]
[PlyCount "145"]
[EventDate "2010.03.27"]
[SourceDate "2009.10.24"]

1. d4 d5 2. c4 c6 3. Nf3 Nf6 4. e3 Bg4 5. Be2 e6 6. O-O Nbd7 7. b3 Bd6 8. Bb2
Bxf3 9. Bxf3 O-O 10. Nd2 Re8 11. Qc2 e5 12. dxe5 Nxe5 13. Rad1 dxc4 14. Bxe5
Bxe5 15. Nxc4 Qe7 16. Nxe5 Qxe5 17. Rd2 Rad8 18. Rfd1 Qa5 19. b4 Rxd2 20. Qxd2
Qc7 21. g3 h6 22. Qd4 a6 23. h4 Re7 24. Qc5 Rd7 25. Rxd7 Qxd7 26. Kg2 Qe6 27.
a4 Ne4 28. Qd4 Nd6 29. Kh2 f5 30. Bd1 Kf8 31. Qc5 Qd5 32. Qxd5 cxd5 33. Kg2 Ke7
34. Kf3 Ke6 35. Kf4 Ne4 36. Bc2 g5+ 37. hxg5 hxg5+ 38. Kf3 Ke5 39. Ke2 Nd6 40.
f3 Nc4 41. f4+ gxf4 42. gxf4+ Ke6 43. Kd3 Nb2+ 44. Kd4 b5 45. axb5 axb5 46. Bb3
Nc4 47. Bd1 Kd6 48. Bh5 Na3 49. Kd3 Nc4 50. Bg6 Ke6 51. Be8 Na3 52. Bc6 Kd6 53.
Bb7 Ke6 54. Bc8+ Kf6 55. Bd7 Kg6 56. Be6 Kf6 57. Bd7 Kg6 58. Be6 Kf6 59. Bxd5
Ke7 60. Ba2 Kd7 61. Bb3 Ke7 62. Kc3 Kd6 63. Kd4 Nb1 64. Bc2 Nd2 65. Bxf5 Nf3+
66. Kc3 Nh2 67. Kd3 Nf1 68. e4 Ng3 69. Bg4 Nh1 70. Ke3 Ng3 71. Bf3 Nf1+ 72. Ke2
Nh2 73. Bh5 1-0

[Event "4NCL/Div1b/WRO1 vs. PANDG"]
[Site "Staverton Park ENG"]
[Date "2010.03.27"]
[Round "7.8"]
[White "Milson, Amy F"]
[Black "Flint, Martina"]
[Result "0-1"]
[WhiteElo "1602"]
[BlackElo "1770"]
[PlyCount "106"]
[EventDate "2010.03.27"]
[SourceDate "2009.10.24"]

1. e4 d6 2. d4 g6 3. Nf3 Bg7 4. c3 c6 5. Be2 Qc7 6. O-O Nf6 7. Nbd2 O-O 8. Bd3
e5 9. dxe5 dxe5 10. Nc4 Nh5 11. a4 Na6 12. Be3 Rd8 13. Qc2 Bg4 14. Be2 Qe7 15.
h3 Bxf3 16. Bxf3 Nf4 17. Rad1 b5 18. Rxd8+ Rxd8 19. Na5 Rc8 20. b4 Ne6 21. axb5
cxb5 22. Qd3 Nac7 23. Bxa7 Nf4 24. Nc6 Qe6 25. Bg4 Qxc6 26. Qd7 Nce6 27. Qxc6
Rxc6 28. Rc1 Bf8 29. Kf1 Bxb4 30. Bxe6 Nxe6 31. Rb1 Bxc3 32. Rxb5 Ra6 33. Be3
Ra1+ 34. Ke2 Nd4+ 35. Bxd4 exd4 36. f4 Ra2+ 37. Kd3 Rxg2 38. h4 Rg4 39. f5 Kg7
40. fxg6 hxg6 41. h5 g5 42. Rf5 f6 43. h6+ Kg6 44. h7 Rh4 45. Rf3 Rxh7 46. Rg3
Rh4 47. Rg2 g4 48. Kc2 Kg5 49. Kd3 Rh3+ 50. Kc4 Kf4 51. Rf2+ Rf3 52. Rg2 g3 53.
Kd5 d3 0-1

[Event "4NCL/Div1b/BAR1 vs. SWD"]
[Site "Staverton Park ENG"]
[Date "2010.03.27"]
[Round "7.6"]
[White "James, David J"]
[Black "Ferguson, Mark"]
[Result "0-1"]
[WhiteElo "2110"]
[BlackElo "2393"]
[PlyCount "44"]
[EventDate "2010.03.27"]
[SourceDate "2009.10.24"]

1. Nf3 d5 2. d4 Nf6 3. c4 c6 4. Qc2 dxc4 5. Qxc4 g6 6. Bf4 Bg7 7. e3 Qb6 8. Qb3
Be6 9. Qxb6 axb6 10. Nc3 Nd5 11. Nxd5 Bxd5 12. a3 O-O 13. Be2 c5 14. Bxb8 Raxb8
15. Rd1 cxd4 16. exd4 Rbc8 17. Ne5 Rc2 18. Nd7 Rd8 19. Nxb6 Bxg2 20. Rg1 Be4
21. f3 Bf5 22. d5 Bf6 0-1

[Event "4NCL/Div1c/ADS vs. BAR1"]
[Site "Staverton Park ENG"]
[Date "2010.03.28"]
[Round "8.4"]
[White "Ferguson, Mark"]
[Black "Swindells, Jonathan E"]
[Result "1-0"]
[WhiteElo "2393"]
[BlackElo "2170"]
[PlyCount "85"]
[EventDate "2010.03.28"]
[SourceDate "2009.10.24"]

1. e4 e5 2. Nf3 Nc6 3. Nc3 Bc5 4. Nxe5 Bxf2+ 5. Kxf2 Nxe5 6. d4 Qf6+ 7. Kg1 Ng4
8. Qd2 d6 9. h3 N4h6 10. Nb5 Qe7 11. Qa5 Kd8 12. Bd3 a6 13. Nc3 b6 14. Qh5 c6
15. Bf4 g6 16. Qf3 g5 17. Bd2 g4 18. hxg4 Nxg4 19. Rf1 Ra7 20. Rh5 f6 21. Qg3
h6 22. Be2 f5 23. Bxg4 Nf6 24. Bg5 Rg8 25. Bxf5 hxg5 26. Rxg5 Rh8 27. Bxc8 Kxc8
28. Rg6 Ne8 29. Rg8 Rxg8 30. Qxg8 Rd7 31. Rf8 Rd8 32. Rf7 Qh4 33. Rh7 Qe1+ 34.
Kh2 Nf6 35. Qe6+ Nd7 36. Qxd6 Qe3 37. Qxc6+ Kb8 38. Qd6+ Ka8 39. Nd5 Qxe4 40.
Qc6+ Kb8 41. Qc7+ Ka8 42. Qxd8+ Nb8 43. Nxb6# 1-0

[Event "4NCL/Div1c/ADS vs. BAR1"]
[Site "Staverton Park ENG"]
[Date "2010.03.28"]
[Round "8.7"]
[White "Bellin, Christopher J"]
[Black "Rogers, Jonathan W"]
[Result "1/2-1/2"]
[WhiteElo "1922"]
[BlackElo "2329"]
[PlyCount "67"]
[EventDate "2010.03.28"]
[SourceDate "2009.10.24"]

1. e4 c5 2. Nf3 Nc6 3. d4 cxd4 4. Nxd4 d5 5. Bb5 dxe4 6. Nxc6 Qxd1+ 7. Kxd1 a6
8. Ba4 Bd7 9. Nc3 bxc6 10. Nxe4 O-O-O 11. Ke2 e5 12. Be3 Nf6 13. Nxf6 gxf6 14.
Bb6 Re8 15. Rhd1 Re6 16. Bb3 Be7 17. Bc4 Be8 18. Bxa6+ Kb8 19. Bc4 c5 20. Bxe6
fxe6 21. a4 Bc6 22. Rd3 Kb7 23. Ba5 c4 24. Rg3 Bc5 25. Rg7+ Ka6 26. Bc3 Bd4 27.
Bxd4 exd4 28. b4 Be4 29. Rc1 Rb8 30. b5+ Ka5 31. c3 dxc3 32. Rxc3 Kb4 33. Re3
Bd5 34. Ra7 1/2-1/2

[Event "4NCL/Div1c/WRO1 vs. ADS"]
[Site "Sunningdale ENG"]
[Date "2010.05.01"]
[Round "9.8"]
[White "Bellin, Christopher J"]
[Black "Fernandez, Lucia Fidalgo"]
[Result "1/2-1/2"]
[WhiteElo "1922"]
[BlackElo "2150"]
[PlyCount "81"]
[EventDate "2010.05.01"]
[SourceDate "2009.10.24"]

1. e4 c5 2. Nf3 a6 3. c3 g6 4. d4 cxd4 5. cxd4 d5 6. exd5 Nf6 7. Nc3 Bg7 8. Bc4
b5 9. Bb3 Bb7 10. O-O O-O 11. Re1 b4 12. Na4 Bxd5 13. Ne5 Ra7 14. Bd2 Rb7 15.
Nc5 Rb5 16. Ba4 Rb6 17. Qe2 a5 18. Be3 Nc6 19. Rac1 Nb8 20. Red1 h6 21. Qd2 Kh7
22. Nc4 Bxc4 23. Rxc4 Nd5 24. Rdc1 e6 25. Nb3 Rb7 26. Rc5 Ra7 27. Bf4 Nd7 28.
Bxd7 Qxd7 29. Rxa5 Rxa5 30. Nxa5 Ra8 31. Nb3 Rxa2 32. Nc5 Qa7 33. Be5 Ra1 34.
h3 Qa2 35. Kh2 Rxc1 36. Qxc1 Qa7 37. Bxg7 Kxg7 38. Qc4 Qc7+ 39. Kg1 Qf4 40. Nd3
Qd2 41. g3 1/2-1/2

[Event "4NCL/Div1c/CAMB1 vs. WGHK2"]
[Site "Sunningdale ENG"]
[Date "2010.05.02"]
[Round "10.8"]
[White "Briscoe, Chris"]
[Black "Kourtseva, Julie"]
[Result "1-0"]
[WhiteElo "2232"]
[BlackElo "1706"]
[PlyCount "75"]
[EventDate "2010.05.02"]
[SourceDate "2009.10.24"]

1. d4 d5 2. c4 c6 3. Nf3 Nf6 4. Nc3 a6 5. c5 Nbd7 6. Bf4 g6 7. h3 Bg7 8. e3 b5
9. cxb6 Qxb6 10. Rb1 O-O 11. Be2 c5 12. O-O cxd4 13. exd4 Bb7 14. Ne5 Rfd8 15.
Na4 Qa7 16. b4 Rac8 17. Qd3 Nxe5 18. Bxe5 Ne4 19. Bxg7 Kxg7 20. Nc5 Rc6 21.
Rfc1 Rf6 22. Qe3 Nxc5 23. bxc5 Bc6 24. Rb6 Be8 25. Qe5 Bb5 26. g4 h6 27. h4 Kg8
28. Bxb5 axb5 29. Rxf6 exf6 30. Qxf6 Qd7 31. Qf4 Kg7 32. c6 Qa7 33. c7 Rc8 34.
Rc6 Qa8 35. Qf6+ Kg8 36. Rd6 Rf8 37. Rd8 Qa5 38. Rxf8+ 1-0